• 首页
  • 本馆介绍
  • 公告通知
  • 最新文献
  • 馆藏检索
  • 电子资源
  • 读者导购
  • 参考咨询
  • 我的图书馆
  • 登录
  • 详细信息显示
  • 放入我的书架
  • 预约/预借图书
  • 作者相关作品
  • 分类相关作品
  • 丛书相关作品
  • 出版社相关作品

书目信息

  • 表格格式
  • 工作单格式
  • 卡片格式
题名:
犹太人的智慧全集
    
 
作者: 玛格尔 编译
分册:  
出版信息: 北京   中国电影出版社  2004
页数: 15,633页
开本: 22cm
丛书名:
单 册:
中图分类: K18 , B821
科图分类:
主题词: 犹太人--研究 , 犹太人 , 人生观
电子资源:
ISBN: 7-106-02201-2
000 01040nam0 2200289 450
001 0952775754
005 20090929144052.54
010    @a7-106-02201-2@dCNY42.00
100    @a20041110d2004 em y0chiy50 ea
101 1  @achi@ceng
102    @aCN@b110000
105    @aa z 000yy
106    @ar
200 1  @a犹太人的智慧全集@e浓缩犹太人千年智慧的经典阅读范本@e珍藏本@f[ ]韦恩·玛格尔编译@Ayou tai ren de zhi hui quan ji
210    @a北京@c中国电影出版社@d2004
215    @a15,633页@c图@d22cm
300    @a朦朦·影视·文化
330    @a本书通过对犹太民族财富、经商、生活、教育、处世、信仰等十余个方面的详尽介绍,力图对犹太民族的智慧做一个全方位立体展示。
517 1  @a浓缩犹太人千年智慧的经典阅读范本@Anong suo you tai ren qian nian zhi hui de jing dian yue du fan ben
606 0  @a犹太人@x研究
606 0  @a犹太人
606 0  @a人生观
690    @aK18@v4
690    @aB821@v4
701  0 @c( )@a玛格尔@4编译@Ama ge er
801  0 @aCN@b大连网信软件有限公司图书馆·11@c20090929
905    @a10447@dB821@eJY84
    
    犹太人的智慧全集:浓缩犹太人千年智慧的经典阅读范本:珍藏本/[ ]韦恩·玛格尔编译.-北京:中国电影出版社,2004
    15,633页:图;22cm
    朦朦·影视·文化
    
    ISBN 7-106-02201-2:CNY42.00
    本书通过对犹太民族财富、经商、生活、教育、处世、信仰等十余个方面的详尽介绍,力图对犹太民族的智慧做一个全方位立体展示。
●
相关链接 在E读中查询图书 在五车中查询图书 在当当中查询图书 在豆瓣中查询图书


正题名:犹太人的智慧全集     索取号:B821/JY84         预约/预借

序号 登录号 条形码 馆藏地/架位号 状态 备注
1 7820133   278201330   学院路分馆/ [索取号:B821/JY84] 在馆    
2 7820134   278201349   学院路分馆/ [索取号:B821/JY84] 在馆    
唐山师范学院图书馆 欢迎您!
大连网信软件有限公司© 版权所有